00404nam a2200133Ia 450000500170000000800410001702000150005808200130007310000290008624500800011526000440019530000190023950000120025820250107005635.0240331s9999 xx 000 0 und d a0706917871 bCOLa954 aCollins, L & Lapierre D 0aMountbatten and the partition of India :bVolume i- March22-August 15, 1947 aColombobMervyn Herath Associatesc1982 aviii, 187 p ., aA novel